Investičné rozhodovanie s využitím MS Excel

Význam indiferenčných kriviek a optimálne investičné rozhodnutie. Uvažovanie racionálneho človeka, ktorý si má vybrať takú kombináciu súčasnej a budúcej spotreby (C0, C1), ktorá bude maximalizovať jeho spokojnosť (užitočnosť). Funkcia užitočnosti môže byť u každého človeka iná.

Saved in:
Bibliographic Details
Main Author: Žitňanská, Magdaléna
Format: Book Chapter
Language:Slovak
Subjects:
Tags: Add Tag
No Tags, Be the first to tag this record!

MARC

LEADER 00000nla a2200000 4500
001 0224261
005 20240502073655.1
041 0 |a slo 
044 |a SK 
245 1 0 |a Investičné rozhodovanie s využitím MS Excel  |c Magdaléna Žitňanská 
520 |a Význam indiferenčných kriviek a optimálne investičné rozhodnutie. Uvažovanie racionálneho človeka, ktorý si má vybrať takú kombináciu súčasnej a budúcej spotreby (C0, C1), ktorá bude maximalizovať jeho spokojnosť (užitočnosť). Funkcia užitočnosti môže byť u každého človeka iná. 
610 2 0 |a rozhodovanie investičné 
610 2 0 |a tvorba kapitálu 
610 2 0 |a plánovanie finančné 
610 2 0 |a efektívnosť investícií ekonomická 
610 2 0 |a programovanie 
610 2 0 |a procesory tabuľkové 
100 1 |a Žitňanská, Magdaléna